000 00353nam a2200133Ia 4500
005 20260328104343.0
008 260328s9999||||xx |||||||||||||| ||und||
100 _aRand, Paul
245 0 _aPaul Rand :
_b A Designer's Art /
_cPaul Rand
260 _bPrinceton Architectural Press
300 _a256 p.
650 _aDISEÑO Y COMUNICACIÓN
942 _cBK
999 _c12215
_d12215